00985nam a22002537a 4500999001700000003000900017008004100026040007100067082002700138100002800165245005900193260002800252300002500280505013500305650002700440650002100467650001800488650003300506650003000539650002400569942001500593945000900608952011400617 c21370d21370AR-CdUCM190425b ||||| |||| 00| 0 spa d aMUNICIPALIDAD PROVINCIAL DEL CUSCOcBIBLIOTECA MUNICIPAL DEL CUSCO aTS/340.4/E93/1971bE93 aEstrada Pérez, Daniel aEl fuero privativo agrario y la audiencia de pruebas / aCusco :bUNSAAC,c1971. a168 hojas. :c28 cm. aContenido: El fuero privativo en el Perú -- El fuero privativo agrario -- La audiencia de pruebas en el fuero privativo agrario. aProceso agrario933850 aAgricultura9320 aTierras92313 aLegislación agraria944573 aTesis bachillerato944574 aCusco Perú944575 2ddccTESIS aRoel 002ddc4070aSCAbSCAcCARTd2020-03-02eDonacióng20.00oTS/340.4/E93/1971pSCA0003958r2020-03-02yTESIS